Παιδαγωγική μη λεκτική επικοινωνία : ο ρόλος της απτικής συμπεριφοράς στην προσχολική και πρωτοσχολική εκπαίδευση

Αποθηκεύτηκε σε:
Λεπτομέρειες βιβλιογραφικής εγγραφής
Κύριος συγγραφέας: Σταμάτης, Παναγιώτης Ι., 1967-
Μορφή: Βιβλίο
Γλώσσα:Greek
Δημοσίευση: [Αθήνα] : Ατραπός, [c2005].
Θέματα:
Ετικέτες: Προσθήκη ετικέτας
Δεν υπάρχουν, Καταχωρήστε ετικέτα πρώτοι!

MARC

LEADER 00000cam a2200000 i 4500
001 1/37721
008 061116s2005 gr ||| ||gre||
020 |a 9606622398 
035 |l 10086162 
040 |a GR-MY-UA  |b gre  |e aacr 
041 0 |a gre 
082 7 |a 371.9   |2 (22) 
100 1 |a Σταμάτης, Παναγιώτης Ι.,   |d 1967- 
245 1 0 |a Παιδαγωγική μη λεκτική επικοινωνία :   |b ο ρόλος της απτικής συμπεριφοράς στην προσχολική και πρωτοσχολική εκπαίδευση /   |c Παναγιώτης Ι. Σταμάτης.  
260 |a [Αθήνα] :   |b Ατραπός,   |c [c2005].  
300 |a 301 σ. ;   |c 24 εκ.  
504 |a Βιβλιογραφία: σ. [277]-301.  
650 0 0 |a Nonverbal communication in education. 
650 0 0 |a Students  |x Attitudes. 
650 0 0 |a Communication in education. 
852 |a INST  |b RHODES  |e 20061116  |h 371.9 ΣΤΑ  |p 005400023886  |q 005400023886  |t BK  |y 0 
852 |a INST  |b RHODES  |e 20061117  |h 371.9 ΣΤΑ  |p 005400023888  |q 005400023888  |t BK  |y 0 
852 |a INST  |b RHODES  |e 20100226  |h 371.9 ΣΤΑ  |p 005400032541  |q 005400032541  |t BK  |y 0 
901 |a BIBL4-2006-3 
909 |a Ρ  |b 127210 
909 |a Ρ  |b 127212 
909 |a Ρ  |b 159765 
920 |a Σταμάτης  |b Παναγιώτης  |y Ρόδος  |z 2006-11 
970 |a ΚΟΖΑ  |b ΜΑΡΙΑ  |z 2006/11/15